[Event "Natal U15 op"]
[Site "Natal"]
[Date "2013.11.09"]
[Round "4"]
[White "Assuncao, Darlane Brito"]
[Black "De Souza, Rosangela Martins"]
[Result "1-0"]
[WhiteElo "1773"]
[BlackElo "1820"]
[PlyCount "85"]
[EventDate "2013.11.08"]
[EventType "swiss"]
[EventRounds "5"]
[EventCountry "BRA"]
[SourceTitle "EXT 2016"]
[Source "ChessBase"]
[SourceDate "2015.10.08"]
[SourceVersion "1"]
[SourceVersionDate "2015.10.08"]
[SourceQuality "1"]

1. Nf3 c5 2. d3 e6 3. g3 Nf6 4. Bg2 Nc6 5. 0-0 Be7 6. c3 b6 7. Nbd2 Bb7 8. e4 d6 9. Ne1 Ne5 10. f4 Ned7 11. h3 h6 12. Nef3 Qc7 13. a3 0-0 14. g4 Nh7 15. Qe1 Kh8 16. Nh4 Qd8 17. Nhf3 Rb8 18. h4 f5 19. g5 Qe8 20. Qg3 Qh5 21. Kf2 Qg6 22. Re1 h5 23. Bh3 Rfe8 24. b3 Nhf8 25. Bb2 Qf7 26. c4 Ng6 27. exf5 exf5 28. Re2 Bf8 29. Rae1 Re7 30. Rxe7 Bxe7 31. d4 Ngf8 32. d5 Re8 33. Nf1 Kh7 34. Ne3 g6 35. Kg2 a6 36. Nd1 Bd8 37. Nc3 Re7 38. Na2 b5 39. Qf2 Qe8 40. Qd2 Rxe1 41. Qxe1 Qxe1 42. Nxe1 Ba5 43. Nc2 1-0